Apodos de las selecciones de fútbol - Estadísticas

Estadísticas generales
  • Esta prueba ha sido intentada 62 veces
  • La puntuación promedio es 10 de 25
Estadísticas de respuestas
Apodo Selección % Correcto
La albiceleste Argentina
100%
La verdeamarilla Brasil
96%
La celeste Uruguay
94%
La vinotinto Venezuela
90%
Los faraones Egipto
79%
Los chicos del reggae Jamaica
79%
Los samurais azules Japón
71%
Los tres leones Inglaterra
60%
Los leones del Atlas Marruecos
48%
Las águilas de Cartago Túnez
44%
Los cocodrilos del Nilo Sudán
42%
Los elefantes Costa de Marfil
40%
Los leones indomables Camerún
25%
Las estrellas negras Ghana
25%
Los zorros del desierto Argelia
23%
La dinamita roja Dinamarca
17%
Los canucks Canadá
15%
Las superáguilas Nigeria
15%
Los leones de Teranga Senegal
12%
Las palancas negras Angola
8%
Los tiburones azules Cabo Verde
6%
Los caballos alados Corea del Norte
2%
Los búhos reales Finlandia
2%
Las águilas blancas Serbia
2%
Los lobos blancos Uzbekistán
2%
No se encontraron pruebas coincidentes
Distribución de puntuación
Porcentaje de gente con cada puntuación
Porcentaje por número respondido
Historial de tus puntuaciones
No has intentado esta prueba.